000
00307nam a22001337a 4500
008
180920b xxu||||| |||| 00| 0 eng d
020
_a
9781412987950
041
_a
eng
080
_a
370
100
_a
47
101
_a
EDU
245
_a
Alternative Sxhooling Scol Choice
_c
Osborne.A.G
942
_2
udc
_c
BK
999
_c
48136
_d
48136